Introduction to the Law for Paralegals (Record no. 5644)

MARC details
005 - DATE AND TIME OF LATEST TRANSACTION
control field 20250627130414.0
020 ## - INTERNATIONAL STANDARD BOOK NUMBER
International Standard Book Number 978-0-07-351179-5
082 ## - DEWEY DECIMAL CLASSIFICATION NUMBER
Classification number 349.73 BEN
100 ## - MAIN ENTRY--PERSONAL NAME
Author name BENTON, S. D
245 ## - TITLE STATEMENT
Title Introduction to the Law for Paralegals
260 ## - PUBLICATION, DISTRIBUTION, ETC.
Place of publication, distribution, etc. Boston
Name of publisher, distributor, etc. McGraw-Hill Irwin
Date of publication, distribution, etc. 2008.
942 ## - ADDED ENTRY ELEMENTS (KOHA)
Source of classification or shelving scheme Dewey Decimal Classification
Koha item type Books
Holdings
Date last seen Total checkouts Full call number Barcode Price effective from Koha item type Lost status Source of classification or shelving scheme Damaged status Not for loan Withdrawn status Home library Current library Shelving location Date acquired Source of acquisition
06/27/2025   349.73 BEN MZA0002702 06/27/2025 Books   Dewey Decimal Classification       CBE Mwanza CBE Mwanza General Collection 06/10/2009 Library Budget5
06/27/2025   349.73 BEN MZA0002703 06/27/2025 Books   Dewey Decimal Classification       CBE Mwanza CBE Mwanza General Collection 06/10/2009 Library Budget5
06/27/2025   349.73 BEN MZA0002704 06/27/2025 Books   Dewey Decimal Classification       CBE Mwanza CBE Mwanza General Collection 06/10/2009 Library Budget5
06/27/2025   349.73 BEN MZA0002705 06/27/2025 Books   Dewey Decimal Classification       CBE Mwanza CBE Mwanza General Collection 06/10/2009 Library Budget5